000
00291nam a22001337a 4500
008
170608b xxu||||| |||| 00| 0 eng d
020
_a
0717273482
041
_a
eng
080
_a
94(7/8)
100
_a
18
101
_a
SHH
245
_a
THE AMERICAN CIVIL WAR
_c
LEVERT,S
942
_2
udc
_c
BK
999
_c
16485
_d
16485